Pillars of hindusthani music / (Record no. 128929)
[ view plain ]
| 000 -LEADER | |
|---|---|
| fixed length control field | 00740nam a22002417a 4500 |
| 005 - DATE AND TIME OF LATEST TRANSACTION | |
| control field | 20170124110048.0 |
| 010 ## - LIBRARY OF CONGRESS CONTROL NUMBER | |
| LC control number | A-610637 |
| 020 ## - INTERNATIONAL STANDARD BOOK NUMBER | |
| Terms of availability | 00.00 |
| International Standard Book Number | 8171545556 |
| 035 ## - SYSTEM CONTROL NUMBER | |
| System control number | A-610637 |
| 037 ## - SOURCE OF ACQUISITION | |
| Source of stock number/acquisition | Cen Lib/Ret |
| 040 ## - CATALOGING SOURCE | |
| Original cataloging agency | DPL |
| Language of cataloging | EN |
| 082 ## - DEWEY DECIMAL CLASSIFICATION NUMBER | |
| Classification number | 780.92 |
| Item number | DEO |
| 100 ## - MAIN ENTRY--PERSONAL NAME | |
| Personal name | Deodhar, B.R. |
| 9 (RLIN) | 102051 |
| 245 ## - TITLE STATEMENT | |
| Title | Pillars of hindusthani music / |
| Statement of responsibility, etc | by B.R. Deodhar; translated by Ram Deskmukh |
| 260 ## - PUBLICATION, DISTRIBUTION, ETC. (IMPRINT) | |
| Place of publication, distribution, etc | Bombay |
| Name of publisher, distributor, etc | Popular Prakashan |
| Date of publication, distribution, etc | 1993 |
| 270 ## - ADDRESS | |
| Address | 35-C, Pandit Madan Mohan Malviya Marg, Tardeo |
| City | Bombay |
| Postal code | 400034 |
| 300 ## - PHYSICAL DESCRIPTION | |
| Extent | xv,303p. |
| Dimensions | 22cm(Hb) |
| 500 ## - GENERAL NOTE | |
| General note | includes index. |
| 650 ## - SUBJECT ADDED ENTRY--TOPICAL TERM | |
| Topical term or geographic name as entry element | Hindustani music |
| 9 (RLIN) | 102052 |
| 650 ## - SUBJECT ADDED ENTRY--TOPICAL TERM | |
| Topical term or geographic name as entry element | Music |
| 9 (RLIN) | 4778 |
| 700 ## - ADDED ENTRY--PERSONAL NAME | |
| Personal name | Deodhar, B.R. |
| 9 (RLIN) | 102053 |
| 942 ## - ADDED ENTRY ELEMENTS (KOHA) | |
| Source of classification or shelving scheme | Dewey Decimal Classification |
| Koha item type | English Books |
| Classification part | 780.92 |
| Call number suffix | DEO |
| Withdrawn status | Lost status | Damaged status | Not for loan | Home library | Current library | Date acquired | Source of acquisition | Cost, normal purchase price | Total Checkouts | Full call number | Barcode | Date last seen | Copy number | Cost, replacement price | Price effective from | Koha item type | Public note |
|---|---|---|---|---|---|---|---|---|---|---|---|---|---|---|---|---|---|
| Written off | Central Library | Central Library | 03/07/2015 | Cen Lib/Ret | 0.00 | 780.92 DEO | A-610637 | 03/07/2015 | 1 | 0.00 | 03/07/2015 | English Books | Written off on approval by DLB (By Circulation); dtd 15-06-2023 |
